000 00743nam a2200217 i 4500
001 115433
003 ES-MaACL
005 20250825062556.0
007 t|
008 070308s1929 sp ||||1| spa d
080 _a821.134.2-223"19"
100 1 _aGómez de la Serna, Ramón,
_d1888-1963
_957901
245 1 4 _aLos medios seres
_b: farsa fácil en un prólogo y tres actos /
_cRamón Gómez de la Serna.
260 _aMadrid :
_bPrensa Moderna,
_c1929.
300 _a57 p. ;
_c17 cm.
490 1 _aEl Teatro moderno ;
_v226
500 _aEstrenada en el Teatro Alkázar, de Madrid, el día 7 de diciembre de 1929.
830 0 3 _aEl teatro moderno (Prensa Moderna)
_v226
_9182365
852 _aES-MaACL
_jC-13088
999 _c115433
_d115433